Naga - Mandala : Play With a Cobra (Record no. 793960)

MARC details
000 -LEADER
fixed length control field 00472pam a2200169a 44500
008 - FIXED-LENGTH DATA ELEMENTS--GENERAL INFORMATION
fixed length control field 230405s2017 xxu||||| |||| 00| 0 eng d
041 ## - LANGUAGE CODE
Language code of text/sound track or separate title ENG
100 ## - MAIN ENTRY--PERSONAL NAME
Personal name Karnad , Girish
245 ## - TITLE STATEMENT
Title Naga - Mandala : Play With a Cobra
250 ## - EDITION STATEMENT
Edition statement 2 . Ed.
260 ## - PUBLICATION, DISTRIBUTION, ETC.
Place of publication, distribution, etc. NEWDELHI
Name of publisher, distributor, etc. OXFERD UNI PRESS
Date of publication, distribution, etc. 2017
300 ## - PHYSICAL DESCRIPTION
Extent 63p.
440 ## - SERIES STATEMENT/ADDED ENTRY--TITLE
Title Source= Bharati Madhyavarti Sahakari Grahak Bhandar, Pune (Best Book)
650 ## - SUBJECT ADDED ENTRY--TOPICAL TERM
Topical term or geographic name entry element KANNAD LITERATURE
690 ## - LOCAL SUBJECT ADDED ENTRY--TOPICAL TERM (OCLC, RLIN)
Topical term or geographic name as entry element KANNAD
906 ## - LOCAL DATA ELEMENT F, LDF (RLIN)
a 13751
Holdings
Withdrawn status Lost status Damaged status Not for loan Collection Home library Current library Date acquired Total Checkouts Full call number Barcode Date last seen Price effective from Koha item type
          Dr.Patangrao Kadam Mahavidyalaya, Sangli Dr.Patangrao Kadam Mahavidyalaya, Sangli 26/09/2020   894.81427/KAR PKS-23705 26/07/2023 26/07/2023 Book
          Dr.Patangrao Kadam Mahavidyalaya, Sangli Dr.Patangrao Kadam Mahavidyalaya, Sangli 26/09/2020   894.81427/KAR PKS-23704 26/07/2023 26/07/2023 Book
          Dr.Patangrao Kadam Mahavidyalaya, Sangli Dr.Patangrao Kadam Mahavidyalaya, Sangli 26/09/2020   894.81427/KAR PKS-23703 26/07/2023 26/07/2023 Book